Statistics for Nicolas Cage Movies

Click here to take the quiz!

General Stats

  • This quiz has been taken 40 times
    (28 since last reset)
  • The average score is 9 of 31

Answer Stats

Year ReleasedCostarsMovie% Correct
1997John Travolta, Joan AllenFace/Off
67%
1997John Malkovich, Steve BuscemiCon Air
63%
2004Diane Kruger, Harvey KeitelNational Treasure
63%
1996Sean Connery, Ed HarrisThe Rock
63%
2007Eva Mendes, Sam ElliottGhost Rider
50%
1995Elizabeth Shue, MIke FiggisLeaving Las Vegas
50%
1987Holly Hunter, John GoodmanRaising Arizona
50%
2010Chloe Grace Moretz, Aaron Taylor JohnsonKick-Ass
46%
2002Meryl Streep, Chris CooperAdaptation.
42%
2000Angelina Jolie, Robert DuvallGone in 60 Seconds
42%
1987Cher, Olympia DukakisMoonstruck
42%
2009Rose Bryne, Ben MendelsohnKnowing
29%
2021Alex Wolff, Adam ArkinPig
29%
2005Jared Leto, Ethan HawkeLord of War
25%
2022Pedro Pascal, Tiffany HaddishThe Unbearable Weight of Massive Talent
25%
2013Ryan Reynolds, Emma StoneThe Croods
21%
2006Leelee Sobieski, James FrancoWicker Man
21%
2021Emily Tosta, Terayle HillWilly's Wonderland
21%
2006Michael Pena, Maria BelloWorld Trade Center
21%
2008Charlie Yeoung, Chakrit YamnamBangkok Dangerous
17%
2019Madeleine Arthur, Joey RichardsonColor Out of Space
17%
2018Andrea Riseborough, Bill DukeMandy
17%
1999Joaquin Phoenix, James Gandolfini8MM
13%
1984Matthew Modine, Karen YoungBirdy
13%
1994Bridget Fonda, Rosie PerezIt Could Happen to You
13%
1990Laura Dern, Willem DafoeWild at Heart
13%
1993Lara Flynn Boyle, Dennis HopperRed Rock West
8%
2016Joseph Gordon Levitt, Zachary QuintoSnowden
8%
2018Hailee Steinfeld, Chris PineSpider-Man: Into the Spider-Verse
8%
1999Ving Rhames, John GoodmanBringing Out the Dead
4%
2018Will Arnett, Patton OswaltTeen Titans Go! To the Movies
4%

Score Distribution

Percentile by Number Answered

Percent of People with Each Score

Your Score History

You have not taken this quiz since the last reset